[Event "IV Festival Costa Viola B"]
[Site "Sant'Eufemia d'Aspromonte ITA"]
[Date "2011.01.05"]
[Round "6"]
[White "Rametta, Marcello"]
[Black "Mileo, Miguelito"]
[Result "1-0"]
[WhiteElo "1741"]
[BlackElo "1602"]
[PlyCount "83"]
[EventDate "2011.01.02"]

1. e4 c6 2. Nf3 d5 3. exd5 cxd5 4. d4 a6 5. c3 Nf6 6. Bf4 Qb6 7. Qc2 g6 8. Bd3
Bg7 9. Nbd2 Bg4 10. Ne5 Qe6 11. h3 Bf5 12. Ndf3 Bxd3 13. Qxd3 Qb6 14. O-O Nbd7
15. Rfe1 Rd8 16. Qe2 e6 17. a4 O-O 18. a5 Qa7 19. Ng5 Nxe5 20. Bxe5 Nh5 21. Bc7
Ra8 22. g4 Nf6 23. Bd6 Rfe8 24. Be5 h6 25. Nf3 b5 26. Qe3 Ne4 27. Bxg7 Kxg7 28.
Ne5 f6 29. Nd3 Rac8 30. f3 Nd6 31. Nc5 e5 32. Qd3 Nc4 33. b3 Nd6 34. Kg2 Nb7
35. Nd7 Nd6 36. Nb6 Rc6 37. dxe5 Rxe5 38. Rxe5 fxe5 39. Qxd5 Qc7 40. Qxe5+ Kh7
41. Nd5 Qf7 42. Nf6+ 1-0

[Event "IV Festival Costa Viola B"]
[Site "Sant'Eufemia d'Aspromonte ITA"]
[Date "2011.01.05"]
[Round "6"]
[White "Greco, Simone"]
[Black "Pallonetto, Cristofaro"]
[Result "1-0"]
[WhiteElo "1605"]
[BlackElo "1506"]
[PlyCount "139"]
[EventDate "2011.01.02"]

1. e4 e5 2. Nf3 Nc6 3. Bb5 d6 4. d4 Bd7 5. Nc3 a6 6. Bxc6 Bxc6 7. dxe5 Qe7 8.
Nd5 Bxd5 9. Qxd5 O-O-O 10. Bg5 f6 11. exf6 gxf6 12. Be3 Qg7 13. O-O Ne7 14. Qd4
Nc6 15. Qc3 Rg8 16. g3 Qg4 17. Nd2 h5 18. Qxf6 Be7 19. Qf5+ Kb8 20. Qxg4 hxg4
21. c3 Ne5 22. Rfd1 Rdf8 23. Bf4 Nd3 24. Bh6 Rxf2 25. Rab1 d5 26. exd5 Bc5 27.
Ne4 Rxb2+ 28. Nxc5 Rxb1 29. Rxb1 Nxc5 30. Rd1 Ne4 31. c4 Rg6 32. Re1 Nc3 33.
Re8+ Ka7 34. Be3+ b6 35. a3 Kb7 36. Bd2 Nb1 37. Bb4 a5 38. Re1 axb4 39. Rxb1
bxa3 40. Ra1 c6 41. Rxa3 cxd5 42. cxd5 Rd6 43. Rd3 b5 44. Rd4 Kb6 45. Rxg4 Rxd5
46. h4 Ka5 47. Re4 Rh5 48. Re2 b4 49. Ra2+ Kb5 50. Kf2 b3 51. Ra1 Kb4 52. Kf3
b2 53. Rb1 Rc5 54. Rxb2+ Kc3 55. Rb1 Kd4 56. g4 Ke5 57. Re1+ Kf6 58. g5+ Kg6
59. Re6+ Kf7 60. Rf6+ Kg7 61. Kg4 Rc8 62. Rf4 Rc2 63. h5 Rc6 64. h6+ Kg8 65.
Kh5 Rc5 66. Kg6 Rc8 67. Kh5 Rc5 68. Kg4 Kh7 69. Rf7+ Kg6 70. Rg7# 1-0

[Event "IV Festival Costa Viola B"]
[Site "Sant'Eufemia d'Aspromonte ITA"]
[Date "2011.01.05"]
[Round "6"]
[White "Paragliola, Gennaro"]
[Black "Vazzana, Antonio"]
[Result "0-1"]
[WhiteElo "1603"]
[BlackElo "1497"]
[PlyCount "116"]
[EventDate "2011.01.02"]

1. d4 Nf6 2. c4 e6 3. Nc3 Bb4 4. Nf3 b6 5. Bg5 h6 6. Bh4 c5 7. e3 Bb7 8. Be2
cxd4 9. exd4 d6 10. O-O Bxc3 11. bxc3 O-O 12. d5 exd5 13. cxd5 Nbd7 14. c4 Nc5
15. Nd4 Re8 16. Qc2 Re4 17. Nf5 Bc8 18. Bxf6 Qxf6 19. Ng3 Re5 20. f4 Re3 21.
Qc1 Qe7 22. Qc2 Bd7 23. Rfe1 Re8 24. Rad1 h5 25. Rd2 Bg4 26. Kf2 h4 27. Nf1
Nd3+ 28. Rxd3 Rxe2+ 29. Rxe2 Qxe2+ 30. Qxe2 Rxe2+ 31. Kg1 Rxa2 32. Re3 Kf8 33.
g3 h3 34. Re1 Bf3 35. Ne3 Re2 36. Rxe2 Bxe2 37. Kf2 Bd3 38. Ke1 g6 39. Kd2 Bf5
40. Kc3 Bd7 41. Kb4 Ke8 42. g4 Kd8 43. f5 Kc7 44. f6 a5+ 45. Ka3 b5 46. cxb5
Bxb5 47. g5 Kb6 48. Ng4 Kc5 49. Nh6 Be8 50. Ng8 Kxd5 51. Ne7+ Ke4 52. Nc8 Ke5
53. Ne7 d5 54. Kb3 d4 55. Kc4 a4 56. Nd5 Bd7 57. Nb6 Be6+ 58. Kd3 a3 0-1

[Event "IV Festival Costa Viola B"]
[Site "Sant'Eufemia d'Aspromonte ITA"]
[Date "2011.01.05"]
[Round "6"]
[White "Arcidiaco, Francesco"]
[Black "Serratore, Vincenzo"]
[Result "0-1"]
[WhiteElo "1602"]
[BlackElo "1874"]
[PlyCount "88"]
[EventDate "2011.01.02"]

1. e4 e5 2. Nf3 Nc6 3. Bb5 Nge7 4. O-O g6 5. d4 Bg7 6. d5 Nb8 7. Nc3 O-O 8. d6
Nec6 9. dxc7 Qxc7 10. h3 a6 11. Bd3 Ne7 12. Re1 Nbc6 13. a3 b5 14. Bf1 d6 15.
Bd2 f5 16. Qe2 f4 17. Red1 Be6 18. Rdc1 Bf6 19. b3 g5 20. Nh2 Bg7 21. Be1 Rad8
22. Nd5 Bxd5 23. exd5 Nd4 24. Qe4 Qd7 25. Nf3 Nxf3+ 26. gxf3 Rf6 27. Ba5 Rdf8
28. c4 bxc4 29. Rxc4 h5 30. Rc7 Qe8 31. Bg2 g4 32. fxg4 f3 33. Bh1 Rf4 34. Qc2
hxg4 35. Bd2 Rd4 36. Bg5 Nf5 37. Rc1 gxh3 38. Rc8 h2+ 39. Kf1 Rg4 40. Bxf3 Rg1+
41. Ke2 Nd4+ 42. Kd2 Nxf3+ 43. Ke3 Qf7 44. Rxf8+ Qxf8 0-1

[Event "IV Festival Costa Viola B"]
[Site "Sant'Eufemia d'Aspromonte ITA"]
[Date "2011.01.05"]
[Round "6"]
[White "Bruno, Elio"]
[Black "Zarzaca, Antonio"]
[Result "0-1"]
[WhiteElo "1671"]
[BlackElo "1502"]
[PlyCount "72"]
[EventDate "2011.01.02"]

1. e4 c6 2. d4 d5 3. Nc3 dxe4 4. Nxe4 Bf5 5. Ng3 Bg6 6. Nf3 h5 7. Ne5 Bh7 8.
Qxh5 g6 9. Bc4 Qa5+ 10. c3 gxh5 11. Bxf7+ Kd8 12. b4 Qb6 13. Bxh5 Bg7 14. Nf7+
Kc8 15. Bg4+ Nd7 16. O-O Bg6 17. Nxh8 Bxh8 18. Re1 Bf6 19. Ne2 a5 20. Nf4 Bf7
21. Be3 axb4 22. d5 Qb5 23. dxc6 bxc6 24. Red1 Bd5 25. cxb4 Bxa1 26. Rxa1 Ngf6
27. Bh3 Qxb4 28. Rc1 Qb5 29. Bf5 Ra4 30. h3 Bxa2 31. Ng6 Ng8 32. Rc5 Qa6 33.
Nf8 Ngf6 34. g4 e6 35. Bxe6 Bxe6 36. Nxe6 Nxc5 0-1

[Event "IV Festival Costa Viola B"]
[Site "Sant'Eufemia d'Aspromonte ITA"]
[Date "2011.01.05"]
[Round "6"]
[White "Palermiti, Francesco"]
[Black "Martino, Giovanni"]
[Result "0-1"]
[WhiteElo "1531"]
[BlackElo "1584"]
[PlyCount "53"]
[EventDate "2011.01.02"]

1. d4 Nf6 2. Nf3 g6 3. e3 Bg7 4. Nbd2 d6 5. b3 O-O 6. Bd3 c5 7. Bb2 Nbd7 8. O-O
e5 9. dxe5 Ne8 10. c4 dxe5 11. e4 Nd6 12. Qc2 Qe7 13. Rad1 Nb8 14. h3 Nc6 15.
a3 h5 16. Nb1 Nd4 17. Nxd4 exd4 18. f4 f6 19. Rde1 a5 20. a4 Bd7 21. Na3 Rac8
22. Qf2 g5 23. fxg5 fxg5 24. Qe2 g4 25. Rxf8+ Qxf8 26. hxg4 Bxg4 27. Rf1 0-1

[Event "IV Festival Costa Viola B"]
[Site "Sant'Eufemia d'Aspromonte ITA"]
[Date "2011.01.05"]
[Round "6"]
[White "Quattrone, Andrea"]
[Black "Chite', Carmelo"]
[Result "1/2-1/2"]
[WhiteElo "1557"]
[BlackElo "1467"]
[PlyCount "106"]
[EventDate "2011.01.02"]

1. e4 d5 2. exd5 Qxd5 3. Nc3 Qd6 4. d4 Nf6 5. Nf3 a6 6. Be2 b5 7. a3 Bb7 8. O-O
e6 9. Be3 Be7 10. Qd2 O-O 11. Rfd1 Nbd7 12. Bf4 Qc6 13. Re1 Nb6 14. Rad1 Rfd8
15. Bf1 Nbd5 16. Nxd5 Nxd5 17. Ne5 Qb6 18. c3 Bd6 19. Bg3 h6 20. Nf3 Bxg3 21.
fxg3 Re8 22. Kh1 Rad8 23. Bd3 c5 24. Qc2 g6 25. Re2 c4 26. Be4 Qc7 27. Rde1 Kg7
28. Nh4 f5 29. Bxd5 Bxd5 30. Nf3 Bxf3 31. gxf3 Qc6 32. Kg2 Qd5 33. Re5 Qd6 34.
d5 Qd7 35. dxe6 Qd2+ 36. Qxd2 Rxd2+ 37. R5e2 Rxe2+ 38. Rxe2 Kf6 39. Kf2 Rxe6
40. Rxe6+ Kxe6 41. Ke3 Ke5 42. f4+ Kd5 43. Kf3 Kc5 44. h3 Kd5 45. g4 a5 46. Ke3
Kc5 47. Kf3 Kd5 48. gxf5 gxf5 49. h4 h5 50. Ke3 Kc5 51. Ke2 Kd5 52. Kf3 Kc5 53.
Ke3 Kd5 1/2-1/2

[Event "IV Festival Costa Viola B"]
[Site "Sant'Eufemia d'Aspromonte ITA"]
[Date "2011.01.05"]
[Round "6"]
[White "Daniac, Federico"]
[Black "Attina', Rodolfo"]
[Result "1/2-1/2"]
[WhiteElo "1551"]
[BlackElo "1386"]
[PlyCount "101"]
[EventDate "2011.01.02"]

1. e4 e6 2. d4 d5 3. e5 Nc6 4. c3 Be7 5. Bb5 Bd7 6. Nf3 a6 7. Ba4 Na7 8. Bc2 b6
9. b4 b5 10. Nbd2 Nc8 11. Nb3 Ra7 12. Nc5 Nb6 13. Nd2 Bc8 14. a4 c6 15. axb5
cxb5 16. Bd3 Qc7 17. Ndb3 Nc4 18. Bxc4 dxc4 19. Nd2 Qc6 20. Qf3 Qxf3 21. Nxf3
Bxc5 22. bxc5 Bb7 23. Ke2 Ne7 24. Rg1 Nd5 25. Bd2 O-O 26. Rgb1 Bc6 27. Ne1 a5
28. Nc2 f6 29. f4 f5 30. g3 Rfa8 31. Ne3 Rb8 32. Nxc4 a4 33. Nd6 a3 34. c4 Nc7
35. Ra2 Raa8 36. Rb3 bxc4 37. Rxb8+ Rxb8 38. Rxa3 Bd5 39. Rc3 Nb5 40. Nxb5 Rxb5
41. Kd1 Kf7 42. Ra3 Rb3 43. Rxb3 cxb3 44. Kc1 Ke7 45. Kb2 Kd7 46. Kc3 Kc6 47.
Bc1 h5 48. h4 Kb5 49. Bb2 Kc6 50. Kb4 g6 51. Bc1 1/2-1/2

[Event "IV Festival Costa Viola B"]
[Site "Sant'Eufemia d'Aspromonte ITA"]
[Date "2011.01.05"]
[Round "6"]
[White "Fariselli, Umberto"]
[Black "Ziparo, Francesco"]
[Result "1/2-1/2"]
[WhiteElo "1410"]
[BlackElo "1548"]
[PlyCount "127"]
[EventDate "2011.01.02"]

1. d3 d5 2. d4 Nf6 3. Nc3 Bf5 4. e3 e6 5. Nf3 Nbd7 6. Nh4 Bg6 7. Nxg6 hxg6 8.
h3 Bd6 9. Bd2 a6 10. Be2 Nh5 11. Bf3 f5 12. Qe2 Qe7 13. O-O-O c6 14. g4 Nhf6
15. Rdg1 b5 16. Bg2 a5 17. f3 a4 18. g5 Nh5 19. Bf1 Ng3 20. Rxg3 Bxg3 21. f4
Bh4 22. Nb1 Nb8 23. a3 Na6 24. c3 Nb8 25. Qd3 Nd7 26. Qc2 Nb6 27. Qd1 Nc4 28.
Bxc4 bxc4 29. Qc2 Kf7 30. Kd1 Rhb8 31. Bc1 Qd6 32. Nd2 c5 33. Nf3 Rh8 34. Ne5+
Kg8 35. Nxg6 Rh7 36. Qd2 Kf7 37. Ne5+ Ke7 38. Nf3 Qb6 39. Ne5 Qb3+ 40. Qc2
Qxc2+ 41. Kxc2 cxd4 42. Nc6+ Kd6 43. Nxd4 Rah8 44. Nf3 Rg8 45. Ne5 g6 46. Rd1
Ke7 47. Rh1 Kf8 48. Kd2 Bg3 49. Ke2 Bh4 50. Kf3 Rb7 51. Nc6 Ke8 52. Nd4 Kd7 53.
Kg2 Ke7 54. Kf3 Kf7 55. Rd1 Rc8 56. Kg2 Rcb8 57. Nf3 Rh8 58. Ne5+ Kg7 59. Nf3
Kf7 60. Ne5+ Kg7 61. Nc6 Rc8 62. Nb4 Rb6 63. Nc2 Rh8 64. Nd4 1/2-1/2

[Event "IV Festival Costa Viola B"]
[Site "Sant'Eufemia d'Aspromonte ITA"]
[Date "2011.01.05"]
[Round "6"]
[White "Luppino, Domenico"]
[Black "Minucci, Veronica"]
[Result "1-0"]
[WhiteElo "1512"]
[BlackElo "1377"]
[PlyCount "59"]
[EventDate "2011.01.02"]

1. e4 e5 2. Nf3 Nc6 3. Bc4 Nf6 4. d3 d5 5. exd5 Nxd5 6. Qe2 Bg4 7. h3 Bxf3 8.
Qxf3 Nce7 9. Nc3 c6 10. O-O Qd6 11. Ne4 Qg6 12. Re1 O-O-O 13. Ng5 Rd7 14. Nxf7
Qf6 15. Qxf6 gxf6 16. Nxh8 Ng6 17. Nxg6 hxg6 18. Bxd5 cxd5 19. f4 Bd6 20. fxe5
fxe5 21. Bd2 Re7 22. Rf1 b6 23. Rf6 Bc7 24. Rxg6 d4 25. Re1 Kd8 26. Bg5 Kd7 27.
Bxe7 Kxe7 28. Rg7+ Kd8 29. Rxc7 Kxc7 30. Rxe5 1-0

[Event "IV Festival Costa Viola B"]
[Site "Sant'Eufemia d'Aspromonte ITA"]
[Date "2011.01.05"]
[Round "6"]
[White "Laurendi, Angela"]
[Black "Vacchiano, Salvatore"]
[Result "1-0"]
[WhiteElo "1344"]
[BlackElo "1566"]
[PlyCount "57"]
[EventDate "2011.01.02"]

1. e4 e5 2. Nf3 f5 3. exf5 e4 4. Nd4 Qf6 5. c3 c6 6. Qe2 d5 7. d3 Bxf5 8. f3
Nd7 9. dxe4 dxe4 10. fxe4 Bg6 11. Qe3 O-O-O 12. Be2 Qh4+ 13. Kd1 c5 14. Ne6 Re8
15. Nxf8 Rxf8 16. Rf1 Rd8 17. h3 Ngf6 18. Rf4 Qg5 19. Bg4 Nxg4 20. Rxg4 Qxe3
21. Bxe3 Ne5+ 22. Nd2 Nxg4 23. hxg4 Bxe4 24. Bg5 Rd3 25. Ke2 Bg6 26. Nf3 Re8+
27. Kf2 h5 28. Re1 Rh8 29. Ne5 1-0

[Event "IV Festival Costa Viola B"]
[Site "Sant'Eufemia d'Aspromonte ITA"]
[Date "2011.01.05"]
[Round "6"]
[White "Battaglia, Domenica"]
[Black "Pratico', Paolo"]
[Result "1-0"]
[WhiteElo "1509"]
[BlackElo "1257"]
[PlyCount "89"]
[EventDate "2011.01.02"]

1. e4 g6 2. d4 d6 3. Nf3 Bg7 4. Nc3 Nf6 5. Bc4 O-O 6. O-O b6 7. Re1 Nc6 8. d5
Ne5 9. Nxe5 dxe5 10. h3 a5 11. a3 Bd7 12. Bb5 a4 13. b3 axb3 14. cxb3 Nh5 15.
Bxd7 Qxd7 16. Ra2 Nf4 17. Qf3 b5 18. b4 c6 19. Rd1 cxd5 20. Nxd5 Qb7 21. Nxf4
exf4 22. Bxf4 Rfd8 23. Rxd8+ Rxd8 24. Rc2 e5 25. Be3 Rd3 26. Qg4 Rd8 27. Rc3 f5
28. exf5 gxf5 29. Qxf5 Rf8 30. Qe6+ Rf7 31. Qc6 e4 32. Qxb7 Rxb7 33. Rc8+ Kf7
34. Bc1 Rd7 35. Kf1 Rd5 36. Ke2 Be5 37. Rc5 Ke6 38. Rxd5 Kxd5 39. g3 h5 40. f4
exf3+ 41. Kxf3 Bf6 42. g4 h4 43. Ke2 Bg7 44. Kd3 Ke5 45. Bb2+ 1-0

[Event "IV Festival Costa Viola B"]
[Site "Sant'Eufemia d'Aspromonte ITA"]
[Date "2011.01.05"]
[Round "7"]
[White "Furnari, Francesco"]
[Black "Tricomi, Massimo"]
[Result "0-1"]
[WhiteElo "1856"]
[BlackElo "1881"]
[PlyCount "66"]
[EventDate "2011.01.02"]

1. e4 c5 2. Nf3 Nc6 3. d4 cxd4 4. Nxd4 g6 5. Nc3 Bg7 6. Be3 Nf6 7. f3 O-O 8.
Bc4 Qb6 9. Qd3 Nxe4 10. Nxc6 Qxb2 11. Nxe7+ Kh8 12. Nxe4 Qxa1+ 13. Qd1 Bc3+ 14.
Ke2 Qxd1+ 15. Rxd1 Bg7 16. Bd4 Re8 17. Bxf7 Rxe7 18. Bd5 Bxd4 19. Rxd4 d6 20.
Kf2 Be6 21. Bxe6 Rxe6 22. Rxd6 Rxd6 23. Nxd6 Kg7 24. Ne4 Rc8 25. c3 Rc4 26. h4
Ra4 27. g3 Rxa2+ 28. Ke3 a5 29. Kd3 a4 30. Kc4 Rb2 31. Nc5 a3 32. Nb3 a2 33.
Na1 Rb1 0-1

[Event "IV Festival Costa Viola B"]
[Site "Sant'Eufemia d'Aspromonte ITA"]
[Date "2011.01.05"]
[Round "7"]
[White "Della Rocca, Giorgio"]
[Black "Rametta, Marcello"]
[Result "1-0"]
[WhiteElo "1881"]
[BlackElo "1741"]
[PlyCount "59"]
[EventDate "2011.01.02"]

1. e4 e5 2. Nc3 g6 3. f4 exf4 4. Nf3 Bb4 5. Bc4 Nf6 6. Nd5 Nxd5 7. Bxd5 c6 8.
Bb3 O-O 9. O-O Na6 10. c3 Ba5 11. d4 Bc7 12. e5 d5 13. Bxf4 Bf5 14. Bg5 Qd7 15.
Bf6 Bd8 16. Qe1 Bxf6 17. exf6 Qd8 18. Qh4 h5 19. Ne5 Be4 20. Qg5 Nc7 21. Bd1
Ne6 22. Qh6 Qb6 23. Rf2 Rad8 24. g4 h4 25. Qxh4 c5 26. Nf3 Rd6 27. Qh6 Bxf3 28.
Rxf3 cxd4 29. Rh3 dxc3+ 30. Kh1 1-0

[Event "IV Festival Costa Viola B"]
[Site "Sant'Eufemia d'Aspromonte ITA"]
[Date "2011.01.05"]
[Round "7"]
[White "Violi, Vincenzo"]
[Black "Carlomagno, Vincenzo"]
[Result "1/2-1/2"]
[WhiteElo "1798"]
[BlackElo "1870"]
[PlyCount "67"]
[EventDate "2011.01.02"]

1. e4 c5 2. Nf3 d6 3. d4 cxd4 4. Nxd4 Nf6 5. Nc3 g6 6. Bc4 Bg7 7. h3 Nc6 8. Be3
O-O 9. Bb3 Bd7 10. O-O Rc8 11. f4 a6 12. Qf3 b5 13. a3 Na5 14. Rad1 Nc4 15.
Bxc4 Rxc4 16. Nd5 Nxd5 17. exd5 Qa5 18. c3 Qd8 19. Rfe1 a5 20. Nc2 Qb8 21. Bd4
Bf5 22. Bxg7 Bxc2 23. Bxf8 Bxd1 24. Qxd1 Qb6+ 25. Kh1 Kxf8 26. Qe2 Rc7 27. Rd1
b4 28. axb4 axb4 29. c4 b3 30. Qd3 Qc5 31. Qd4 Qxd4 32. Rxd4 Kg7 33. Kg1 Kf6
34. Kf2 1/2-1/2

[Event "IV Festival Costa Viola B"]
[Site "Sant'Eufemia d'Aspromonte ITA"]
[Date "2011.01.05"]
[Round "7"]
[White "Vazzana, Antonio"]
[Black "Fiorentino, Vincenzo"]
[Result "1-0"]
[WhiteElo "1497"]
[BlackElo "1563"]
[PlyCount "143"]
[EventDate "2011.01.02"]

1. c4 e5 2. Nc3 Nf6 3. Nf3 d6 4. d4 exd4 5. Nxd4 Be7 6. e4 c6 7. Be2 O-O 8. O-O
Re8 9. Be3 a5 10. Qd2 Nbd7 11. Nf5 Nf8 12. Nxe7+ Qxe7 13. f3 h6 14. Rfd1 d5 15.
cxd5 cxd5 16. Nxd5 Nxd5 17. Qxd5 Be6 18. Qd6 Qxd6 19. Rxd6 Rec8 20. Rd2 Nd7 21.
f4 g6 22. f5 gxf5 23. exf5 Bxf5 24. Bxh6 Be6 25. Bf3 Rab8 26. Bf4 Nb6 27. Bxb8
Rxb8 28. b3 a4 29. Rad1 Kg7 30. bxa4 Ra8 31. Bxb7 Rxa4 32. Bc6 Ra6 33. Bb5 Ra5
34. a4 Nxa4 35. Bxa4 Rxa4 36. Rd4 Ra3 37. R1d2 Rc3 38. Kf2 Kg6 39. g3 Bh3 40.
Rh4 Be6 41. Re2 Ra3 42. Re3 Ra2+ 43. Kf3 Bd5+ 44. Kf4 f6 45. Rc3 Ra4+ 46. Ke3
Rxh4 47. gxh4 f5 48. Kf4 Be4 49. Rc8 Kh5 50. Rh8+ Kg6 51. h5+ Kg7 52. Rc8 Kh6
53. Ke5 Kxh5 54. Rh8+ Kg6 55. Rh3 Kg7 56. Rg3+ Kh6 57. Kf6 Kh5 58. Rg8 f4 59.
Ke5 Bh7 60. Rh8 Kh6 61. Kxf4 Kg7 62. Rb8 Kh6 63. h4 Bg6 64. Rb5 Kg7 65. Kg5 Be4
66. h5 Kh8 67. Re5 Bh7 68. Kf6 Bg8 69. Rg5 Bh7 70. Rg6 Bxg6 71. hxg6 Kg8 72. g7
1-0

[Event "IV Festival Costa Viola B"]
[Site "Sant'Eufemia d'Aspromonte ITA"]
[Date "2011.01.05"]
[Round "7"]
[White "Martino, Giovanni"]
[Black "Arcidiaco, Francesco"]
[Result "0-1"]
[WhiteElo "1584"]
[BlackElo "1602"]
[PlyCount "50"]
[EventDate "2011.01.02"]

1. e4 d6 2. d4 Nf6 3. Nc3 g6 4. Be3 Bg7 5. Qd2 Ng4 6. Bg5 h5 7. Bh4 Nf6 8. f3
a6 9. g4 c6 10. Bf2 Qa5 11. h4 Nbd7 12. O-O-O b5 13. Kb1 Rb8 14. Bd3 Qc7 15.
Be3 Nb6 16. Nce2 Nc4 17. Qc1 Nxe3 18. Qxe3 a5 19. Ng3 c5 20. dxc5 dxc5 21. c4
Qxg3 22. Qxc5 bxc4 23. Bxc4 O-O 24. Rh3 Qg2 25. Qa3 Nxe4 0-1

[Event "IV Festival Costa Viola B"]
[Site "Sant'Eufemia d'Aspromonte ITA"]
[Date "2011.01.05"]
[Round "7"]
[White "Mileo, Miguelito"]
[Black "Pallonetto, Cristofaro"]
[Result "1-0"]
[WhiteElo "1602"]
[BlackElo "1506"]
[PlyCount "127"]
[EventDate "2011.01.02"]

1. d4 d5 2. Bf4 Bf5 3. e3 Nf6 4. c4 c6 5. Nc3 e6 6. Nf3 Nbd7 7. h3 Be7 8. c5
O-O 9. Qb3 b6 10. Ba6 bxc5 11. Bb7 cxd4 12. exd4 Nh5 13. Bh2 Nhf6 14. Bxc6 Rc8
15. Bb5 Nb6 16. O-O Bd6 17. Ba6 Bxh2+ 18. Kxh2 Rb8 19. Qd1 Qc7+ 20. Kg1 Nc4 21.
Bxc4 Qxc4 22. Ne5 Qc7 23. Qd2 Rfc8 24. Rac1 Qa5 25. Qe2 Qb4 26. Nb5 Rxc1 27.
Rxc1 Rf8 28. Nc6 Qa4 29. a3 Qa6 30. Nb4 Qb6 31. Rc6 Qb7 32. Rc7 Qb6 33. Rxa7
Rc8 34. Qf1 g5 35. Ra6 Qd8 36. Nc6 Qf8 37. Ne5 Ne8 38. Rc6 Ra8 39. Qc1 Kg7 40.
Qxg5+ Bg6 41. Nd7 Qg8 42. Qe7 Kh6 43. g4 Kg7 44. Rxe6 Kh8 45. Re1 Be4 46. Nd6
Nxd6 47. Qxd6 Qg5 48. Qf6+ Qxf6 49. Nxf6 Bg6 50. f4 Bd3 51. Nxd5 Ra4 52. Rd1
Bc4 53. Nb6 Bb3 54. Rd3 Bc2 55. Rc3 Ra6 56. Rxc2 Rxb6 57. f5 Rb3 58. Kg2 Rd3
59. f6 h6 60. b4 Rxd4 61. b5 Rd6 62. Rb2 Rd3 63. b6 Rd8 64. b7 1-0

[Event "IV Festival Costa Viola B"]
[Site "Sant'Eufemia d'Aspromonte ITA"]
[Date "2011.01.05"]
[Round "7"]
[White "Quattrone, Andrea"]
[Black "Attina', Rodolfo"]
[Result "0-1"]
[WhiteElo "1557"]
[BlackElo "1386"]
[PlyCount "98"]
[EventDate "2011.01.02"]

1. e4 e6 2. d3 c5 3. Nf3 Be7 4. g3 Nc6 5. Be3 Bf6 6. Bc1 d6 7. Bg2 Qb6 8. c3
Nge7 9. Nbd2 d5 10. O-O O-O 11. Re1 Ng6 12. a3 Nge5 13. Nxe5 Nxe5 14. Nf3 Rd8
15. exd5 Nxf3+ 16. Bxf3 exd5 17. Bxd5 Bh3 18. Be4 g6 19. Qc2 Bg7 20. Bf4 Re8
21. Re2 Re7 22. Rae1 Rae8 23. Bh1 Be6 24. Bd5 Kf8 25. Bh1 Bf5 26. Be3 Qd6 27.
Rd2 b6 28. Qd1 Kg8 29. Bg2 Bh6 30. Ree2 Bxe3 31. fxe3 Rxe3 32. Rxe3 Rxe3 33. d4
Qe7 34. Kf1 Be4 35. Qg4 Bxg2+ 36. Kxg2 cxd4 37. cxd4 Re4 38. Qf3 Re3 39. Qd1
Qe4+ 40. Kh3 Qd5 41. Rf2 Re4 42. Rd2 h5 43. Qg1 Qe6+ 44. Kg2 h4 45. d5 h3+ 46.
Kh1 Qf5 47. Qd1 Qe5 48. Rg2 Re1+ 49. Rg1 Qe4+ 0-1

[Event "IV Festival Costa Viola B"]
[Site "Sant'Eufemia d'Aspromonte ITA"]
[Date "2011.01.05"]
[Round "7"]
[White "Luppino, Domenico"]
[Black "Daniac, Federico"]
[Result "1/2-1/2"]
[WhiteElo "1512"]
[BlackElo "1551"]
[PlyCount "116"]
[EventDate "2011.01.02"]

1. e4 c5 2. Nf3 Nc6 3. d4 cxd4 4. Nxd4 g6 5. Nc3 Bg7 6. Be3 d6 7. f3 Nf6 8. Bc4
O-O 9. O-O Bd7 10. Qd2 Ne5 11. Bb3 Rc8 12. Rad1 Nc4 13. Qe2 Nxe3 14. Qxe3 Qb6
15. Qf2 a6 16. Nde2 Qxf2+ 17. Rxf2 Bh6 18. Kh1 Bc6 19. Nd4 Rfd8 20. Nxc6 bxc6
21. Bc4 Ra8 22. b3 Nd7 23. Ne2 Ne5 24. Bd3 Be3 25. Rff1 a5 26. a4 e6 27. h3 d5
28. f4 Nxd3 29. Rxd3 Bb6 30. exd5 exd5 31. f5 Re8 32. Nd4 Bxd4 33. Rxd4 Re2 34.
fxg6 fxg6 35. Rc1 Rf8 36. c3 Rb8 37. b4 axb4 38. cxb4 Rb2 39. Rxc6 R2xb4 40.
Rxb4 Rxb4 41. a5 Rb8 42. Rd6 Ra8 43. Rxd5 Ra6 44. Kg1 Kf7 45. Kf2 Ke6 46. Rb5
Kd7 47. Kf3 Rf6+ 48. Kg4 h6 49. Kh4 Ra6 50. g4 Kc6 51. Rb6+ Rxb6 52. axb6 Kxb6
53. Kg3 Kc6 54. Kf4 Kd6 55. g5 h5 56. Ke4 Ke6 57. h4 Kd6 58. Kd4 Ke6 1/2-1/2

[Event "IV Festival Costa Viola B"]
[Site "Sant'Eufemia d'Aspromonte ITA"]
[Date "2011.01.05"]
[Round "7"]
[White "Chite', Carmelo"]
[Black "Fariselli, Umberto"]
[Result "0-1"]
[WhiteElo "1467"]
[BlackElo "1410"]
[PlyCount "96"]
[EventDate "2011.01.02"]

1. d4 Nf6 2. Nc3 d6 3. Bg5 Nbd7 4. e4 h6 5. Bh4 a6 6. Nf3 e6 7. e5 g5 8. Bxg5
hxg5 9. exf6 Qxf6 10. Ne4 Qg6 11. Bd3 Qg7 12. Nexg5 Nb6 13. Qe2 Be7 14. Ne4 f5
15. Nc3 Bd7 16. O-O-O O-O-O 17. g3 Bc6 18. Qxe6+ Kb8 19. Qe2 Rhe8 20. Kb1 Qg4
21. h3 Qxf3 22. Qd2 Qh5 23. Be2 Qh8 24. d5 Bd7 25. h4 Bf6 26. h5 Bxc3 27. bxc3
Re5 28. c4 Rde8 29. Bd3 R8e7 30. h6 Na4 31. c3 Nc5 32. f4 Re3 33. Bf1 Na4 34.
Rc1 Rxc3 35. h7 Rxg3 36. Rc2 Rge3 37. Qd4 Re1+ 38. Rc1 Rxc1+ 39. Kxc1 Qxd4 40.
h8=Q+ Qxh8 41. Rxh8+ Ka7 42. Rf8 Nb6 43. Bd3 Re3 44. Kd2 Rf3 45. Rd8 Rxf4 46.
Ke3 Rg4 47. Rf8 Nxc4+ 48. Bxc4 Rxc4 0-1

[Event "IV Festival Costa Viola B"]
[Site "Sant'Eufemia d'Aspromonte ITA"]
[Date "2011.01.05"]
[Round "7"]
[White "Bruno, Elio"]
[Black "Battaglia, Domenica"]
[Result "1-0"]
[WhiteElo "1671"]
[BlackElo "1509"]
[PlyCount "79"]
[EventDate "2011.01.02"]

1. e4 e5 2. Nf3 Nc6 3. Bb5 d6 4. Bxc6+ bxc6 5. O-O Nf6 6. Re1 Be7 7. h3 Bb7 8.
Nc3 h6 9. d4 Nd7 10. a4 O-O 11. Nh2 Bf6 12. Ne2 d5 13. c3 c5 14. dxe5 Nxe5 15.
f4 Nc4 16. b3 Na5 17. e5 Be7 18. f5 f6 19. e6 c4 20. b4 Nb3 21. Ra2 Nxc1 22.
Qxc1 Qd6 23. Nf4 c5 24. Ng6 Rfe8 25. Ng4 Kh7 26. b5 d4 27. Rd2 Qd5 28. Ne3 Qe4
29. cxd4 cxd4 30. Nxc4 Qxf5 31. Nxe7 Rxe7 32. Nd6 Qd5 33. Nxb7 Rxb7 34. Qc6
Qxc6 35. bxc6 Rc7 36. Rxd4 Rxc6 37. e7 Rcc8 38. Red1 Re8 39. Rd8 Raxd8 40.
exd8=Q 1-0

[Event "IV Festival Costa Viola B"]
[Site "Sant'Eufemia d'Aspromonte ITA"]
[Date "2011.01.05"]
[Round "7"]
[White "Ziparo, Francesco"]
[Black "Vacchiano, Salvatore"]
[Result "1-0"]
[WhiteElo "1548"]
[BlackElo "1566"]
[PlyCount "67"]
[EventDate "2011.01.02"]

1. c4 Nf6 2. Nc3 d6 3. Nf3 g6 4. d4 Bg7 5. e4 O-O 6. Be2 Nbd7 7. Be3 c5 8. d5
a6 9. O-O Qb6 10. Rb1 Qc7 11. Qc1 Re8 12. Bh6 Bh8 13. h3 Nb6 14. Qd1 e6 15. Re1
e5 16. Nh2 Bd7 17. b3 Rab8 18. Ng4 Nxg4 19. Bxg4 Bxg4 20. Qxg4 Qd7 21. Qf3 f5
22. Bg5 Rf8 23. Qe3 f4 24. Qd3 Rf7 25. f3 Rbf8 26. b4 Na4 27. Nxa4 Qxa4 28.
bxc5 dxc5 29. Qb3 Qa5 30. Qc2 Qc7 31. Rb3 Qa5 32. Reb1 Bg7 33. Bh4 Qc7 34. Qd3
1-0

[Event "IV Festival Costa Viola B"]
[Site "Sant'Eufemia d'Aspromonte ITA"]
[Date "2011.01.05"]
[Round "7"]
[White "Palermiti, Francesco"]
[Black "Laurendi, Angela"]
[Result "1-0"]
[WhiteElo "1531"]
[BlackElo "1344"]
[PlyCount "93"]
[EventDate "2011.01.02"]

1. d4 d5 2. Nf3 Nc6 3. e3 a6 4. Nbd2 Bf5 5. a3 e6 6. c4 Nf6 7. c5 Be7 8. b4 O-O
9. Bb2 Ne4 10. Bd3 Nxd2 11. Bxf5 Nxf3+ 12. Qxf3 exf5 13. Qxf5 g6 14. Qd3 a5 15.
b5 Na7 16. O-O Qd7 17. a4 c6 18. b6 Nc8 19. Rfe1 Bf6 20. e4 Re8 21. e5 Bg7 22.
f4 f6 23. Re3 fxe5 24. dxe5 Qf5 25. Qf1 Bf8 26. Bd4 h6 27. h4 Be7 28. g3 Qg4
29. Kh2 Rf8 30. Rf3 g5 31. hxg5 hxg5 32. Be3 Qh5+ 33. Kg1 Rf7 34. Ra2 g4 35.
Rh2 Qxh2+ 36. Kxh2 gxf3 37. Qxf3 Rh7+ 38. Kg2 Bf8 39. f5 Ne7 40. e6 Rd8 41. Bd4
Bg7 42. f6 Rf8 43. Qg4 Nf5 44. Qxf5 Bxf6 45. Bxf6 d4 46. Qg4+ Rg7 47. Qxg7# 1-0